000 00701nam a2200289Ia 4500
005 20260324124201.0
008 008 260324s9999 xx 000 0 eng d
020 _a9780203840368
037 _aEBOOK
040 _aCRL
040 _beng
040 _cCRL
041 _2eng
041 _aeng
084 _qCRL
100 _aSarah Fenstermaker; Nikki Jones
_91173170
245 0 _aSociologists Backstage
245 0 _bAnswers to 10 Questions About What They Do
260 _bTaylor and Francis
260 _c2011
365 _a
365 _b280
856 _uhttp://www.taylorfrancis.com/books/9780203840368
942 _cEBOOK
999 _c1767348
_d1767348